[Event "XIX OPEN INT. NAVALMORAL DE LA MATA - XI"]
[Site "Navalmoral de la Mata"]
[Date "2013.12.05"]
[Round "1.3"]
[White "Peralta, Fernando"]
[Black "Iagar, Razvan-Gabriel"]
[Result "1-0"]
[WhiteElo "2600"]
[BlackElo "2172"]
[PlyCount "49"]
[EventDate "2013.12.05"]
[EventRounds "7"]
[EventCountry "ESP"]

1. d4 d5 2. c4 c6 3. Nf3 Nf6 4. Nc3 dxc4 5. a4 Bf5 6. Nh4 Bg4 7. h3 Bh5 8. g4
Bg6 9. Nxg6 hxg6 10. e4 e6 11. g5 Nfd7 12. Bxc4 Nb6 13. Be2 a5 14. Be3 Bb4 15.
Qb3 N8d7 16. O-O-O Qc7 17. Kb1 Rd8 18. h4 Kf8 19. h5 gxh5 20. Bxh5 Qd6 21. g6
fxg6 22. Bxg6 Rxh1 23. Rxh1 Kg8 24. e5 Qe7 25. Bg5 1-0

[Event "XIX OPEN INT. NAVALMORAL DE LA MATA - XI"]
[Site "Navalmoral de la Mata"]
[Date "2013.12.05"]
[Round "1.4"]
[White "Vila Dupla, Aurelio"]
[Black "Perez Candelario, Manuel"]
[Result "0-1"]
[WhiteElo "2171"]
[BlackElo "2568"]
[PlyCount "84"]
[EventDate "2013.12.05"]
[EventRounds "7"]
[EventCountry "ESP"]

1. Nf3 g6 2. c4 Bg7 3. Nc3 e5 4. d4 exd4 5. Nxd4 Nc6 6. Be3 Nf6 7. Qd2 O-O 8.
Rd1 Re8 9. Bg5 Nxd4 10. Qxd4 h6 11. Bxf6 Bxf6 12. Qd2 d6 13. g3 Bg4 14. h3 Bf3
15. Rg1 Qe7 16. Nd5 Bxd5 17. cxd5 c5 18. e3 a6 19. b3 b5 20. Rc1 Qd7 21. h4 a5
22. Bd3 a4 23. Qe2 axb3 24. axb3 Ra5 25. h5 g5 26. Kf1 Qh3+ 27. Ke1 c4 28. bxc4
bxc4 29. Bxc4 Rc8 30. Rb1 Bc3+ 31. Kd1 Qf5 32. e4 Qf6 33. Bd3 Rca8 34. Rf1 Ra2
35. Rb8+ Rxb8 36. Qxa2 Rb2 37. Qa4 Rd2+ 38. Kc1 Ba5 39. Qb3 Qa1+ 40. Bb1 Bc3
41. Qb8+ Kh7 42. e5+ Kg7 0-1

[Event "XIX OPEN INT. NAVALMORAL DE LA MATA - XI"]
[Site "Navalmoral de la Mata"]
[Date "2013.12.05"]
[Round "1.6"]
[White "Rodriguez Garcia, Manuel Fco"]
[Black "Epishin, Vladimir"]
[Result "0-1"]
[WhiteElo "2149"]
[BlackElo "2548"]
[PlyCount "83"]
[EventDate "2013.12.05"]
[EventRounds "7"]
[EventCountry "ESP"]

1. d4 g6 2. c4 c5 3. d5 e5 4. dxe6 fxe6 5. Nc3 Nf6 6. Nf3 d5 7. Bg5 d4 8. Ne4
Nbd7 9. e3 Qa5+ 10. Qd2 Qxd2+ 11. Nfxd2 Bg7 12. Bxf6 Nxf6 13. Nxf6+ Bxf6 14.
Ne4 Bg7 15. O-O-O dxe3 16. fxe3 Ke7 17. Be2 b6 18. Bf3 Rb8 19. Rd3 Be5 20. h4
b5 21. cxb5 Rxb5 22. Rb3 Ra5 23. Kb1 Ba6 24. Rc1 Rc8 25. h5 gxh5 26. Rh1 c4 27.
Rb4 c3 28. bxc3 Bd3+ 29. Kb2 Bxe4 30. Rxe4 Rb5+ 31. Ka3 Rc6 32. Rb4 Ra5+ 33.
Ra4 Bd6+ 34. Kb3 Rb6+ 35. Rb4 Bxb4 36. cxb4 Re5 37. Rxh5 Rxe3+ 38. Kc4 Ra6 39.
Rxh7+ Kd6 40. Rh8 Rxa2 41. Rd8+ Ke5 42. Ra8 0-1

[Event "XIX OPEN INT. NAVALMORAL DE LA MATA - XI"]
[Site "Navalmoral de la Mata"]
[Date "2013.12.05"]
[Round "1.7"]
[White "Nikolov, Momchil"]
[Black "Silva, Miguel Antonio Neto"]
[Result "1-0"]
[WhiteElo "2529"]
[BlackElo "2133"]
[PlyCount "65"]
[EventDate "2013.12.05"]
[EventRounds "7"]
[EventCountry "ESP"]

1. d4 Nf6 2. c4 g6 3. Nc3 d5 4. cxd5 Nxd5 5. Bd2 Bg7 6. e4 Nxc3 7. Bxc3 O-O 8.
Qd2 c5 9. d5 Qd6 10. Nf3 e6 11. Bc4 exd5 12. Bxd5 Bxc3 13. bxc3 Qe7 14. Qh6 Qf6
15. e5 Qg7 16. Qe3 Nc6 17. O-O Bg4 18. Bxc6 bxc6 19. Nd2 Rfe8 20. f4 Rad8 21.
Ne4 Bf5 22. Nxc5 f6 23. e6 Rd6 24. Rad1 Qe7 25. Rxd6 Qxd6 26. Re1 Qd5 27. Re2
Rd8 28. h3 h5 29. Nd7 Kg7 30. Qxa7 Qd1+ 31. Kf2 Bxe6 32. Nc5+ Bd7 33. Ne6+ 1-0

[Event "XIX OPEN INT. NAVALMORAL DE LA MATA - XI"]
[Site "Navalmoral de la Mata"]
[Date "2013.12.05"]
[Round "1.9"]
[White "Ibarra Jerez, Jose Carlos"]
[Black "Mateos Gomez, Juan Francisco"]
[Result "1-0"]
[WhiteElo "2510"]
[BlackElo "2100"]
[PlyCount "72"]
[EventDate "2013.12.05"]
[EventRounds "7"]
[EventCountry "ESP"]

1. e4 e5 2. Nf3 Nc6 3. Bb5 a6 4. Bxc6 dxc6 5. O-O Bd6 6. d4 f6 7. dxe5 Bxe5 8.
Qxd8+ Kxd8 9. Nxe5 fxe5 10. f4 exf4 11. Bxf4 Ne7 12. Be5 Be6 13. Bxg7 Rg8 14.
Nc3 Ng6 15. Rad1+ Kc8 16. Bf6 b6 17. e5 Kb7 18. Ne4 Rae8 19. Rde1 Bd5 20. Rf5
Nf8 21. b3 Rg4 22. Ng3 b5 23. Re3 a5 24. h3 Rd4 25. Rf2 a4 26. Kh2 Ng6 27. Nh5
Re4 28. Rxe4 Bxe4 29. Ng7 Ra8 30. e6 c5 31. e7 Bc6 32. Re2 axb3 33. axb3 Be8
34. Rd2 Nxe7 35. Bxe7 c4 36. bxc4 bxc4 1-0

[Event "XIX OPEN INT. NAVALMORAL DE LA MATA - XI"]
[Site "Navalmoral de la Mata"]
[Date "2013.12.06"]
[Round "2.1"]
[White "Cabezas Ayala, Ivan"]
[Black "Fedorchuk, Sergey A"]
[Result "1-0"]
[WhiteElo "2316"]
[BlackElo "2660"]
[PlyCount "91"]
[EventDate "2013.12.05"]
[EventRounds "7"]
[EventCountry "ESP"]

1. e4 c5 2. Nf3 e6 3. d4 cxd4 4. Nxd4 a6 5. Be2 Nf6 6. Nc3 d6 7. a4 Qc7 8. O-O
b6 9. f4 Nbd7 10. Bf3 Bb7 11. Qe2 Rc8 12. Kh1 h5 13. Be3 e5 14. Nb3 Be7 15.
Rae1 h4 16. h3 O-O 17. f5 Rfe8 18. Bg5 d5 19. exd5 e4 20. Bh5 Nxd5 21. Nxd5
Bxd5 22. Bxe7 Rxe7 23. f6 Nxf6 24. Rxf6 Bxb3 25. cxb3 gxf6 26. Qg4+ Kf8 27.
Qxh4 Rd8 28. Be2 Re5 29. Qxf6 Qd6 30. Qh4 Rde8 31. Bc4 b5 32. axb5 axb5 33.
Bxb5 Rb8 34. Bc4 Rb7 35. Qh8+ Ke7 36. Bxf7 Rb8 37. Qh7 Rf8 38. Bh5+ Kd8 39. Bg4
e3 40. Qb7 e2 41. Bxe2 Rxe2 42. Qa8+ Kd7 43. Qa4+ Kd8 44. Qa5+ Kc8 45. Rc1+ Kd7
46. Qb5+ 1-0

[Event "XIX OPEN INT. NAVALMORAL DE LA MATA - XI"]
[Site "Navalmoral de la Mata"]
[Date "2013.12.06"]
[Round "2.2"]
[White "Grigoryan, Karen H"]
[Black "Garcia-Ortega Mendez, Jose M"]
[Result "1-0"]
[WhiteElo "2604"]
[BlackElo "2308"]
[PlyCount "96"]
[EventDate "2013.12.05"]
[EventRounds "7"]
[EventCountry "ESP"]

1. c4 Nf6 2. g3 g6 3. Bg2 Bg7 4. Nc3 O-O 5. d4 d6 6. Nf3 Nc6 7. O-O a6 8. Bd2
Rb8 9. Rc1 Bd7 10. b3 b5 11. d5 Na7 12. cxb5 axb5 13. Nd4 b4 14. Nb1 Nxd5 15.
Bxd5 Bxd4 16. Bh6 c5 17. Bxf8 Qxf8 18. e3 Bf6 19. Qd2 Nb5 20. Bg2 Qd8 21. f4
Qa5 22. a4 Nc3 23. e4 Be6 24. e5 dxe5 25. Nxc3 bxc3 26. Qxc3 Qxc3 27. Rxc3 exf4
28. Rcf3 fxg3 29. Rc1 Bxb3 30. a5 Bd4+ 31. Kh1 c4 32. a6 gxh2 33. Rff1 Rc8 34.
Bb7 Rc7 35. Rf3 c3 36. Rcxc3 Rxc3 37. Rxc3 Bxc3 38. a7 Bf6 39. a8=Q+ Kg7 40.
Kxh2 h5 41. Bc8 e6 42. Bd7 g5 43. Qf3 Be5+ 44. Kg1 Bd4+ 45. Kf1 Bc4+ 46. Ke1 g4
47. Qf4 Bc3+ 48. Kf2 Bd5 1-0

[Event "XIX OPEN INT. NAVALMORAL DE LA MATA - XI"]
[Site "Navalmoral de la Mata"]
[Date "2013.12.06"]
[Round "2.3"]
[White "Brito Garcia, Alfredo"]
[Black "Peralta, Fernando"]
[Result "1/2-1/2"]
[WhiteElo "2307"]
[BlackElo "2600"]
[PlyCount "67"]
[EventDate "2013.12.05"]
[EventRounds "7"]
[EventCountry "ESP"]

1. d4 Nf6 2. c4 e6 3. Nf3 d5 4. Nc3 Bb4 5. Bg5 Nbd7 6. cxd5 exd5 7. Qc2 c5 8.
g3 h6 9. Bxf6 Qxf6 10. Rd1 c4 11. Bg2 Nb6 12. O-O Bf5 13. e4 Bxc3 14. exf5 Ba5
15. Ne5 Qd6 16. f6 gxf6 17. Ng4 O-O-O 18. Ne3 Kb8 19. Qf5 Qe6 20. Qh5 Ka8 21.
b3 cxb3 22. axb3 Bb4 23. Bh3 Qe8 24. Nc2 Qe7 25. Rd3 Rhe8 26. Bg2 Qf8 27. Ne3
Qg7 28. Nxd5 Nxd5 29. Bxd5 Qg6 30. Bxb7+ Kxb7 31. Qb5+ Kc8 32. Qc6+ Kb8 33.
Qb5+ Ka8 34. Qc6+ 1/2-1/2

[Event "XIX OPEN INT. NAVALMORAL DE LA MATA - XI"]
[Site "Navalmoral de la Mata"]
[Date "2013.12.06"]
[Round "2.4"]
[White "Perez Candelario, Manuel"]
[Black "Sanchez Jerez, Emilio Miguel"]
[Result "1-0"]
[WhiteElo "2568"]
[BlackElo "2287"]
[PlyCount "63"]
[EventDate "2013.12.05"]
[EventRounds "7"]
[EventCountry "ESP"]

1. e4 c5 2. Nf3 Nc6 3. d4 cxd4 4. Nxd4 Nf6 5. Nc3 e5 6. Ndb5 d6 7. Bg5 a6 8.
Na3 b5 9. Nd5 Be7 10. Bxf6 Bxf6 11. c4 b4 12. Nc2 O-O 13. g3 Bg5 14. h4 Bh6 15.
Bh3 Be6 16. Kf1 Qa5 17. Qe2 Ra7 18. Kg2 Qc5 19. Rad1 a5 20. b3 a4 21. a3 Bxd5
22. Rxd5 Qb6 23. Rxd6 axb3 24. Nxb4 Nd4 25. Rxb6 Nxe2 26. c5 Nc3 27. Nd3 Nxe4
28. c6 f5 29. Rxb3 g6 30. Nxe5 Bg7 31. Nd7 Rc7 32. Nxf8 1-0

[Event "XIX OPEN INT. NAVALMORAL DE LA MATA - XI"]
[Site "Navalmoral de la Mata"]
[Date "2013.12.06"]
[Round "2.5"]
[White "Ryan, Joseph"]
[Black "Guliyev, Namig"]
[Result "1/2-1/2"]
[WhiteElo "2280"]
[BlackElo "2551"]
[PlyCount "90"]
[EventDate "2013.12.05"]
[EventRounds "7"]
[EventCountry "ESP"]

1. d4 d5 2. c4 dxc4 3. e3 Nf6 4. Bxc4 a6 5. Nf3 e6 6. O-O Nbd7 7. Bb3 c5 8. e4
Nxe4 9. d5 Ndf6 10. Ng5 Nxg5 11. Bxg5 Be7 12. dxe6 Bxe6 13. Bxe6 Qxd1 14. Bxf7+
Kxf7 15. Rxd1 Rhd8 16. Nc3 h6 17. Bf4 b5 18. Rxd8 Rxd8 19. Rd1 Rxd1+ 20. Nxd1
Nd5 21. Bd2 Ke6 22. Kf1 c4 23. Ne3 Nxe3+ 24. Bxe3 Bf6 25. Bc1 b4 26. b3 Kd5 27.
Ke2 a5 28. Kd1 Bd4 29. f3 Be5 30. h4 Kd4 31. Kc2 Bf6 32. h5 Bg5 33. f4 Be7 34.
bxc4 Kxc4 35. g4 a4 36. Bb2 b3+ 37. axb3+ axb3+ 38. Kb1 Bf8 39. f5 Kd5 40. f6
gxf6 41. Bxf6 Ke4 42. Kb2 Kf4 43. g5 hxg5 44. Bxg5+ Kxg5 45. Kxb3 Kxh5 1/2-1/2

[Event "XIX OPEN INT. NAVALMORAL DE LA MATA - XI"]
[Site "Navalmoral de la Mata"]
[Date "2013.12.06"]
[Round "2.6"]
[White "Epishin, Vladimir"]
[Black "Garcia Carbo, Marcial"]
[Result "1-0"]
[WhiteElo "2548"]
[BlackElo "2269"]
[PlyCount "71"]
[EventDate "2013.12.05"]
[EventRounds "7"]
[EventCountry "ESP"]

1. d4 Nf6 2. c4 e6 3. Nc3 Bb4 4. Bd2 c5 5. d5 O-O 6. Rc1 exd5 7. cxd5 d6 8. f3
Nbd7 9. e4 Ne5 10. a3 Ba5 11. Be2 c4 12. Kf1 Nfd7 13. Be3 Bb6 14. Bd4 Bxd4 15.
Qxd4 Nc5 16. Bxc4 f5 17. b4 fxe4 18. bxc5 exf3 19. Nxf3 Qg5 20. Kf2 Bh3 21.
Rcg1 Rae8 22. Be2 Rf4 23. Ne4 Qf5 24. Nxd6 Qg4 25. Qd1 Ref8 26. Ke1 Bxg2 27.
Nxe5 Qh4+ 28. Kd2 Rd4+ 29. Bd3 Qf4+ 30. Kc2 Qxe5 31. Rxg2 Qxd5 32. Rhg1 Qxc5+
33. Nc4 Kh8 34. Qe2 b5 35. Rg5 Qc6 36. Rxg7 1-0

[Event "XIX OPEN INT. NAVALMORAL DE LA MATA - XI"]
[Site "Navalmoral de la Mata"]
[Date "2013.12.06"]
[Round "2.7"]
[White "Santos, Antonio P"]
[Black "Nikolov, Momchil"]
[Result "0-1"]
[WhiteElo "2269"]
[BlackElo "2529"]
[PlyCount "85"]
[EventDate "2013.12.05"]
[EventRounds "7"]
[EventCountry "ESP"]

1. d4 Nf6 2. c4 e6 3. Nf3 c5 4. d5 d6 5. Nc3 exd5 6. cxd5 g6 7. e4 a6 8. a4 Bg4
9. Be2 Bg7 10. O-O O-O 11. Bf4 Bxf3 12. Bxf3 Ne8 13. Qb3 b6 14. g3 Nd7 15. Bg2
Ne5 16. Bxe5 dxe5 17. d6 Nxd6 18. Rfd1 Re8 19. Nd5 b5 20. axb5 Nxb5 21. Qc4 Qd6
22. b4 cxb4 23. Nxb4 Nd4 24. Rxa6 Rxa6 25. Nxa6 Bf8 26. h4 Ra8 27. Ra1 Qb6 28.
Bf1 Nf3+ 29. Kg2 Nd2 30. Qe2 Nxf1 31. Kxf1 Bc5 32. Ra2 Bd4 33. Nb4 Rxa2 34.
Nxa2 Qb3 35. Kg2 Bb2 36. Qa6 Kg7 37. Qa5 Qc2 38. Qe1 Qc4 39. Qb1 Ba3 40. Kf3
Bc5 41. Kg2 Qe2 42. Nc3 Qxf2+ 43. Kh3 0-1

[Event "XIX OPEN INT. NAVALMORAL DE LA MATA - XI"]
[Site "Navalmoral de la Mata"]
[Date "2013.12.06"]
[Round "2.8"]
[White "Gallardo Fernandez, Cesar"]
[Black "Ibarra Jerez, Jose Carlos"]
[Result "0-1"]
[WhiteElo "2249"]
[BlackElo "2510"]
[PlyCount "86"]
[EventDate "2013.12.05"]
[EventRounds "7"]
[EventCountry "ESP"]

1. e4 e6 2. d4 d5 3. e5 c5 4. c3 Qb6 5. Nf3 Nc6 6. a3 Nh6 7. b4 cxd4 8. cxd4
Nf5 9. Bb2 Bd7 10. g4 Nfe7 11. Qd2 h5 12. g5 Nf5 13. g6 fxg6 14. Rg1 Be7 15.
Rxg6 Kf7 16. Rg1 Raf8 17. Bd3 Ke8 18. b5 Na5 19. Qc3 Bxb5 20. Bxf5 Rxf5 21.
Rxg7 Nc4 22. Nbd2 Rhf8 23. a4 Nxb2 24. axb5 Nc4 25. Nxc4 dxc4 26. Qxc4 Rxf3 27.
Rxa7 Kd8 28. Ra2 Ra3 29. Rc2 Ra1+ 30. Ke2 Ra8 31. f3 Ke8 32. d5 exd5 33. Qxd5
Rd8 34. Qc4 Qh6 35. Rg8 Qh7 36. Rxf8+ Kxf8 37. Qf4+ Kg8 38. Rd2 Rf8 39. Qc4+
Kh8 40. Rd7 Qg7 41. Qe4 Qg2+ 42. Ke3 Bc5+ 43. Kd3 Rxf3+ 0-1

[Event "XIX OPEN INT. NAVALMORAL DE LA MATA - XI"]
[Site "Navalmoral de la Mata"]
[Date "2013.12.06"]
[Round "2.10"]
[White "Congiu, Mathilde"]
[Black "Gonzalez Perez, Arian"]
[Result "0-1"]
[WhiteElo "2229"]
[BlackElo "2467"]
[PlyCount "88"]
[EventDate "2013.12.05"]
[EventRounds "7"]
[EventCountry "ESP"]

1. e4 e5 2. Bc4 Nf6 3. d3 Nc6 4. Nf3 Bc5 5. c3 d6 6. Bb3 a6 7. Nbd2 Ba7 8. O-O
O-O 9. Re1 Ng4 10. Re2 Kh8 11. h3 Nh6 12. Nf1 f5 13. Bxh6 gxh6 14. Ng3 f4 15.
Nf5 Bxf5 16. exf5 Rxf5 17. d4 exd4 18. Qd3 Rf8 19. cxd4 Qf6 20. Rc1 Qg7 21. Bd5
Rg8 22. Bxg8 Rxg8 23. Kf1 Nxd4 24. Nxd4 Bxd4 25. Rxc7 Qxc7 26. Qxd4+ Qg7 27.
Qxg7+ Kxg7 28. Re7+ Kf6 29. Rxb7 Rc8 30. Rxh7 Rc2 31. Rb7 d5 32. Ke1 Ke5 33. a4
a5 34. Rb5 Ke4 35. b4 axb4 36. Rxb4+ Kd3 37. Rb3+ Kc4 38. Ra3 d4 39. a5 Kb4 40.
Ra1 d3 41. a6 Re2+ 42. Kf1 Re8 43. a7 d2 44. h4 Kb3 {(Bandera)} 0-1

[Event "XIX OPEN INT. NAVALMORAL DE LA MATA - XI"]
[Site "Navalmoral de la Mata"]
[Date "2013.12.06"]
[Round "3.1"]
[White "Gonzalez Perez, Arian"]
[Black "Grigoryan, Karen H"]
[Result "0-1"]
[WhiteElo "2467"]
[BlackElo "2604"]
[PlyCount "78"]
[EventDate "2013.12.05"]
[EventRounds "7"]
[EventCountry "ESP"]

1. d4 Nf6 2. c4 e6 3. Nf3 d5 4. Nc3 c6 5. cxd5 exd5 6. Bg5 Be7 7. Qc2 g6 8. e3
Bf5 9. Bd3 Bxd3 10. Qxd3 Nbd7 11. O-O O-O 12. Rab1 a5 13. Qc2 Re8 14. h3 Ne4
15. Bxe7 Qxe7 16. Nxe4 dxe4 17. Nd2 Nf6 18. Nc4 Nd5 19. a3 Rec8 20. Nd2 f5 21.
Nc4 c5 22. Qb3 a4 23. Qb5 f4 24. exf4 Nxf4 25. Nb6 Qg5 26. g3 Nxh3+ 27. Kg2
Nf4+ 28. Kg1 Rf8 29. Nxa8 e3 30. Qxb7 exf2+ 31. Kxf2 Nh5+ 32. Kg1 Qe3+ 33. Kg2
Qxg3+ 34. Kh1 Qh4+ 35. Kg1 Qxd4+ 36. Kh2 Qh4+ 37. Kg1 Nf4 38. Rbe1 Qg3+ 39. Kh1
Qh3+ 0-1

[Event "XIX OPEN INT. NAVALMORAL DE LA MATA - XI"]
[Site "Navalmoral de la Mata"]
[Date "2013.12.06"]
[Round "3.2"]
[White "Antoli Royo, Joaquin Miguel"]
[Black "Perez Candelario, Manuel"]
[Result "1/2-1/2"]
[WhiteElo "2405"]
[BlackElo "2568"]
[PlyCount "26"]
[EventDate "2013.12.05"]
[EventRounds "7"]
[EventCountry "ESP"]

1. e4 e6 2. d4 d5 3. Nc3 Bb4 4. a3 Bxc3+ 5. bxc3 dxe4 6. Qg4 Nf6 7. Qxg7 Rg8 8.
Qh6 b6 9. Ne2 Rg6 10. Qh4 Rg4 11. Qh6 Rg6 12. Qh4 Rg4 13. Qh6 Rg6 1/2-1/2

[Event "XIX OPEN INT. NAVALMORAL DE LA MATA - XI"]
[Site "Navalmoral de la Mata"]
[Date "2013.12.06"]
[Round "3.4"]
[White "Nikolov, Momchil"]
[Black "Enchev, Ivajlo"]
[Result "1/2-1/2"]
[WhiteElo "2529"]
[BlackElo "2447"]
[PlyCount "70"]
[EventDate "2013.12.05"]
[EventRounds "7"]
[EventCountry "ESP"]

1. e4 e5 2. Nf3 Nf6 3. Nxe5 d6 4. Nf3 Nxe4 5. d4 d5 6. Bd3 Bd6 7. O-O O-O 8. c4
c6 9. Nc3 Nxc3 10. bxc3 dxc4 11. Bxc4 Bg4 12. h3 Bh5 13. Re1 Nd7 14. a4 Qc7 15.
Qd3 Bg6 16. Qe2 c5 17. Nh4 cxd4 18. Nxg6 hxg6 19. cxd4 Nb6 20. Bb3 Qc3 21. Rb1
Qxd4 22. Rd1 Qc5 23. Qf3 Rad8 24. Bb2 Rd7 25. Rbc1 Qa5 26. Qg4 Qf5 27. Qxf5
gxf5 28. a5 Nc8 29. Ba4 Rc7 30. Rxc7 Bxc7 31. Rd7 Bxa5 32. Rxb7 Nd6 33. Rxa7
Bb6 34. Rd7 Rd8 35. Rxd8+ Bxd8 1/2-1/2

[Event "XIX OPEN INT. NAVALMORAL DE LA MATA - XI"]
[Site "Navalmoral de la Mata"]
[Date "2013.12.06"]
[Round "3.7"]
[White "Peralta, Fernando"]
[Black "Cabezas Ayala, Ivan"]
[Result "1-0"]
[WhiteElo "2600"]
[BlackElo "2316"]
[PlyCount "53"]
[EventDate "2013.12.05"]
[EventRounds "7"]
[EventCountry "ESP"]

1. d4 Nf6 2. c4 g6 3. Nc3 Bg7 4. e4 d6 5. Nf3 O-O 6. h3 e5 7. d5 a5 8. g4 Na6
9. Be3 Nd7 10. a3 f5 11. gxf5 gxf5 12. exf5 Nf6 13. Qc2 Nh5 14. Ng5 Bxf5 15.
Bd3 Nf4 16. Bxf5 Qxg5 17. Bxh7+ Kh8 18. Be4 Nc5 19. O-O-O Bh6 20. Kb1 Rg8 21.
Bxc5 dxc5 22. Qb3 Qh4 23. f3 Qf2 24. d6 Ne6 25. dxc7 Nd4 26. Qxb7 Rac8 27. Rhg1
1-0

[Event "XIX OPEN INT. NAVALMORAL DE LA MATA - XI"]
[Site "Navalmoral de la Mata"]
[Date "2013.12.06"]
[Round "3.8"]
[White "Guliyev, Namig"]
[Black "Gonzalez Trigal, Jose Luis"]
[Result "1-0"]
[WhiteElo "2551"]
[BlackElo "2222"]
[PlyCount "103"]
[EventDate "2013.12.05"]
[EventRounds "7"]
[EventCountry "ESP"]

1. e4 c5 2. Nf3 d6 3. d4 cxd4 4. Nxd4 Nf6 5. Nc3 a6 6. Be3 e5 7. Nf3 Qc7 8. a4
Be7 9. a5 O-O 10. Be2 Nc6 11. Bb6 Qd7 12. Nd2 d5 13. O-O d4 14. Na4 Nb4 15. c3
d3 16. Bf3 Nc2 17. Ra2 Qc6 18. Qc1 Be6 19. b3 Rac8 20. Qb2 Nd7 21. Bd1 Nxb6 22.
Nxb6 Qxc3 23. Nxc8 Rxc8 24. Qxc3 Rxc3 25. Bxc2 dxc2 26. Rc1 Bg5 27. Raxc2 Rd3
28. h4 Bxh4 29. Nf3 Bd8 30. Nxe5 Rxb3 31. Nf3 Rd3 32. Rb1 Bxa5 33. Rxb7 Bd8 34.
Rb8 Kf8 35. Ne5 Rd1+ 36. Kh2 Ke8 37. Nc6 g5 38. Rc5 Rd6 39. Nxd8 Rxd8 40. Rxd8+
Kxd8 41. Rxg5 Kc7 42. Kg3 Kb6 43. Kf4 a5 44. Ke3 a4 45. Kd4 a3 46. Kc3 Kc6 47.
Rh5 Kd6 48. f4 a2 49. Kb2 Bc4 50. Rxh7 Kc5 51. e5 Kd4 52. Rh6 1-0

[Event "XIX OPEN INT. NAVALMORAL DE LA MATA - XI"]
[Site "Navalmoral de la Mata"]
[Date "2013.12.06"]
[Round "3.9"]
[White "Gavilan Diaz, Mario"]
[Black "Forcen Esteban, Daniel"]
[Result "0-1"]
[WhiteElo "2255"]
[BlackElo "2511"]
[PlyCount "106"]
[EventDate "2013.12.05"]
[EventRounds "7"]
[EventCountry "ESP"]

1. e4 c5 2. Nf3 e6 3. d4 cxd4 4. Nxd4 a6 5. c4 Nf6 6. Nc3 Qc7 7. a3 Nxe4 8.
Nxe4 Qe5 9. Be3 Qxe4 10. Be2 Qxg2 11. Bf3 Qg6 12. Qd2 Qf6 13. O-O-O Be7 14.
Rhg1 h6 15. Be4 Qe5 16. Bc2 Bf6 17. f4 Qc7 18. c5 d6 19. cxd6 Qxd6 20. Qg2 Qc7
21. Kb1 Bd7 22. Be4 Nc6 23. Rc1 Rc8 24. Nxc6 Bxc6 25. Bxc6+ bxc6 26. Qe4 O-O
27. Bd4 Bxd4 28. Qxd4 f6 29. Qc4 Kh8 30. Rg4 e5 31. Rcg1 Rg8 32. fxe5 Qxe5 33.
Qxa6 Rb8 34. R4g2 c5 35. Qd3 f5 36. Re2 Qf6 37. Rc1 Rgc8 38. Qd5 f4 39. Rxc5
Rd8 40. Qf5 Qd4 41. Rc1 Rf8 42. Qc5 Qd3+ 43. Qc2 Qxa3 44. Qc3 Qa7 45. Rce1 Ra8
46. Re7 Qa2+ 47. Kc2 Rfc8 48. Rc7 Qa4+ 49. Kd2 Rxc7 50. Qxc7 Qd4+ 51. Ke2 Re8+
52. Kf3 Qd3+ 53. Kf2 Qd2+ 0-1

[Event "XIX OPEN INT. NAVALMORAL DE LA MATA - XI"]
[Site "Navalmoral de la Mata"]
[Date "2013.12.06"]
[Round "3.10"]
[White "Koziak, Vitali"]
[Black "Ryan, Joseph"]
[Result "1-0"]
[WhiteElo "2486"]
[BlackElo "2280"]
[PlyCount "57"]
[EventDate "2013.12.05"]
[EventRounds "7"]
[EventCountry "ESP"]

1. d4 e6 2. c4 f5 3. Nc3 Nf6 4. e3 b6 5. Bd3 Bb7 6. f3 Nh5 7. Nh3 Qh4+ 8. Nf2
Bb4 9. Qe2 Bxc3+ 10. bxc3 O-O 11. Ba3 Rf7 12. g3 Qf6 13. e4 Nc6 14. e5 Qd8 15.
f4 g6 16. O-O Ne7 17. Nd1 c5 18. Ne3 Qc8 19. Kf2 Qc6 20. Rad1 Qa4 21. Bc1 Nc6
22. d5 Ne7 23. Bc2 Qxa2 24. Bd2 Ba6 25. dxe6 dxe6 26. Ra1 Bxc4 27. Bd3 Bxd3 28.
Qxd3 c4 29. Nxc4 1-0

[Event "XIX OPEN INT. NAVALMORAL DE LA MATA - XI"]
[Site "Navalmoral de la Mata"]
[Date "2013.12.07"]
[Round "4.1"]
[White "Grigoryan, Karen H"]
[Black "Ivanov, Borislav"]
[Result "0-1"]
[WhiteElo "2604"]
[BlackElo "2318"]
[PlyCount "100"]
[EventDate "2013.12.05"]
[EventRounds "7"]
[EventCountry "ESP"]

1. Nf3 Nf6 2. g3 d5 3. Bg2 Bf5 4. O-O c6 5. c4 e6 6. cxd5 exd5 7. d3 Be7 8. Nh4
Be6 9. e4 O-O 10. Qc2 Na6 11. e5 Nd7 12. Nf3 Nb4 13. Qe2 Bf5 14. Rd1 Nc5 15.
Ne1 d4 16. Na3 a5 17. Nac2 Qd7 18. b3 f6 19. Ba3 Rfe8 20. Bxb4 axb4 21. exf6
Bxf6 22. Qd2 Re7 23. Qxb4 Na6 24. Qd2 Rae8 25. Bf3 Bg4 26. Qf4 Bh3 27. b4 Nc7
28. Qd2 Bg4 29. Qf4 Bxf3 30. Qxf3 Nb5 31. Ng2 Nc3 32. Re1 Ne2+ 33. Kh1 Bg5 34.
Rad1 Rf8 35. Qxe2 Rxe2 36. Rxe2 Re8 37. Rxe8+ Qxe8 38. Nxd4 Bf6 39. Re1 Qd7 40.
Nc2 Qxd3 41. Nge3 Bd4 42. Kg1 Bxe3 43. Nxe3 Qd2 44. Rb1 Qxa2 45. Rc1 Qb2 46.
Rc4 b5 47. Rxc6 Qb1+ 48. Nf1 h6 49. Rb6 Qxb4 50. Rb8+ Kh7 0-1

[Event "XIX OPEN INT. NAVALMORAL DE LA MATA - XI"]
[Site "Navalmoral de la Mata"]
[Date "2013.12.07"]
[Round "4.2"]
[White "Koziak, Vitali"]
[Black "Peralta, Fernando"]
[Result "1/2-1/2"]
[WhiteElo "2486"]
[BlackElo "2600"]
[PlyCount "33"]
[EventDate "2013.12.05"]
[EventRounds "7"]
[EventCountry "ESP"]

1. d4 Nf6 2. c4 e6 3. Nc3 Bb4 4. e3 c5 5. Bd3 Nc6 6. Nf3 Bxc3+ 7. bxc3 d6 8.
O-O e5 9. d5 Ne7 10. e4 h6 11. Ne1 g5 12. Nc2 Bd7 13. a4 Qc7 14. a5 a6 15. Qf3
Nh7 16. Ne3 Qd8 17. Ng4 1/2-1/2

[Event "XIX OPEN INT. NAVALMORAL DE LA MATA - XI"]
[Site "Navalmoral de la Mata"]
[Date "2013.12.07"]
[Round "4.3"]
[White "Perez Candelario, Manuel"]
[Black "Barria Zuñiga, Daniel"]
[Result "1-0"]
[WhiteElo "2568"]
[BlackElo "2434"]
[PlyCount "97"]
[EventDate "2013.12.05"]
[EventRounds "7"]
[EventCountry "ESP"]

1. e4 c5 2. Nf3 e6 3. d4 cxd4 4. Nxd4 a6 5. Bd3 Bc5 6. Nb3 Ba7 7. f4 Nc6 8. Qf3
Nge7 9. Nc3 b5 10. Be3 d6 11. O-O-O b4 12. Ne2 Qc7 13. Kb1 O-O 14. Bxa7 Rxa7
15. g4 a5 16. Rhf1 a4 17. Nbd4 Nxd4 18. Nxd4 Qc5 19. Qf2 e5 20. Nf5 Qxf2 21.
Rxf2 exf4 22. Rxf4 Ng6 23. Rff1 Ne5 24. h3 Rd8 25. Bb5 Bxf5 26. exf5 Kf8 27. f6
Ra5 28. Be2 Rc5 29. Rf4 Rdc8 30. Rxb4 gxf6 31. Rd2 a3 32. bxa3 Ke7 33. a4 Ke6
34. Rb6 R8c6 35. Rxc6 Rxc6 36. Bb5 Rc3 37. a5 d5 38. Kb2 Rc5 39. a4 Nc4+ 40.
Bxc4 dxc4 41. Kc3 Rxa5 42. Kb4 Ra8 43. Rf2 h5 44. Rf4 hxg4 45. hxg4 Kd5 46.
Rxf6 Rb8+ 47. Kc3 Ra8 48. a5 Ke4 49. Rf5 1-0

[Event "XIX OPEN INT. NAVALMORAL DE LA MATA - XI"]
[Site "Navalmoral de la Mata"]
[Date "2013.12.07"]
[Round "4.4"]
[White "Enchev, Ivajlo"]
[Black "Guliyev, Namig"]
[Result "0-1"]
[WhiteElo "2447"]
[BlackElo "2551"]
[PlyCount "84"]
[EventDate "2013.12.05"]
[EventRounds "7"]
[EventCountry "ESP"]

1. d4 d5 2. Nf3 e6 3. c4 dxc4 4. e3 Nf6 5. Bxc4 a6 6. O-O b5 7. Bd3 Bb7 8. a4
b4 9. b3 c5 10. dxc5 Nbd7 11. c6 Bxc6 12. Nbd2 Nc5 13. Bc4 Be7 14. Qe2 O-O 15.
Bb2 Qc7 16. Ne5 Bb7 17. Rac1 Rac8 18. Nd3 Rfd8 19. Nxc5 Bxc5 20. Rfd1 Qc6 21.
Nf3 a5 22. Bb5 Rxd1+ 23. Rxd1 Qc7 24. Bxf6 gxf6 25. Rd7 Qb8 26. Ng5 Bd6 27. f4
Bxf4 28. exf4 Rc1+ 29. Kf2 fxg5 30. Qd2 Qa7+ 31. Kg3 Rc3+ 32. Kg4 Qc5 33. fxg5
Qf5+ 34. Kh4 Rc2 35. Qd6 h6 36. Rd8+ Kh7 37. Bd3 Be4 38. Bxc2 Qxg5+ 39. Kh3
Qxg2+ 40. Kh4 Bxc2 41. Rh8+ Kxh8 42. Qd4+ Qg7 0-1